[Event "Stay Safe Play From Home 164"]
[Site "T#646228Emanuel Laske"]
[Date "2020.05.21"]
[Round "8"]
[White "SecantFX"]
[Black "Klausen"]
[Result "1-0"]
[WhiteElo "1896"]
[BlackElo "1806"]
[Annotator "NA"]
[PlyCount "91"]
[EventDate "2020.05.21"]
[EventType "swiss (blitz)"]

1. g3 {[%emt 0:00:12]} d5 {[%emt 0:00:02]} 2. Bg2 {[%emt 0:00:00]} Nf6 {[%emt 0:00:02]} 3. f4 {[%emt 0:00:00]} g6 {[%emt 0:00:02]} 4. Nf3 {[%emt 0:00:00]} Bg7 {[%emt 0:00:01]} 5. O-O {[%emt 0:00:00]} O-O {[%emt 0:00:01]} 6. e3 {[%emt 0:00:00]} c5 {[%emt 0:00:01]} 7. d4 {[%emt 0:00:00]} Nc6 {[%emt 0:00:01]} 8. c3 {[%emt 0:00:00]} Ne4 {[%emt 0:00:01]} 9. Nbd2 {[%emt 0:00:01]} Bf5 {[%emt 0:00:02]} 10. Nxe4 {[%emt 0:00:01]} Bxe4 {[%emt 0:00:01]} 11. Nd2 {[%emt 0:00:01]} Bxg2 {[%emt 0:00:02]} 12. Kxg2 {[%emt 0:00:00]} cxd4 {[%emt 0:00:01]} 13. exd4 {[%emt 0:00:01]} Rc8 {[%emt 0:00:01]} 14. Re1 {[%emt 0:00:00]} Qd7 {[%emt 0:00:01]} 15. Nf3 {[%emt 0:00:00]} Na5 {[%emt 0:00:03]} 16. Nd2 {[%emt 0:00:03]} Nc4 {[%emt 0:00:02]} 17. Nxc4 {[%emt 0:00:01]} dxc4 {[%emt 0:00:01]} 18. Qe2 {[%emt 0:00:00]} e6 {[%emt 0:00:01]} 19. Be3 {[%emt 0:00:02]} b5 {[%emt 0:00:01]} 20. a3 {[%emt 0:00:02]} Qd5+ {[%emt 0:00:01]} 21. Qf3 {[%emt 0:00:00]} Rfd8 {[%emt 0:00:02]} 22. Qxd5 {[%emt 0:00:01]} Rxd5 {[%emt 0:00:01]} 23. Rad1 {[%emt 0:00:00]} a5 {[%emt 0:00:01]} 24. Kf3 {[%emt 0:00:00]} Rb8 {[%emt 0:00:01]} 25. Ra1 {[%emt 0:00:05]} b4 {[%emt 0:00:01]} 26. axb4 {[%emt 0:00:01]} axb4 {[%emt 0:00:01]} 27. Rac1 {[%emt 0:00:05]} bxc3 {[%emt 0:00:02]} 28. bxc3 {[%emt 0:00:00]} Bf8 {[%emt 0:00:02]} 29. Re2 {[%emt 0:00:00]} Rdb5 {[%emt 0:00:02]} 30. Rcc2 {[%emt 0:00:01]} Rb3 {[%emt 0:00:01]} 31. Ke4 {[%emt 0:00:01]} Bd6 {[%emt 0:00:02]} 32. g4 {[%emt 0:00:01]} R8b5 {[%emt 0:00:01]} 33. h4 {[%emt 0:00:01]} f5+ {[%emt 0:00:01]} 34. gxf5 {[%emt 0:00:01]} gxf5+ {[%emt 0:00:01]} 35. Kf3 {[%emt 0:00:01]} Kf7 {[%emt 0:00:00]} 36. Rg2 {[%emt 0:00:01]} Bb4 {[%emt 0:00:01]} 37. Bd2 {[%emt 0:00:02]} Bxc3 {[%emt 0:00:01]} 38. Rxc3 {[%emt 0:00:00]} Rxc3+ {[%emt 0:00:01]} 39. Bxc3 {[%emt 0:00:00]} Rb3 {[%emt 0:00:01]} 40. Rc2 {[%emt 0:00:00]} Kf6 {[%emt 0:00:01]} 41. Ke3 {[%emt 0:00:01]} Kf7 {[%emt 0:00:01]} 42. Kd2 {[%emt 0:00:01]} Rxc3 {[%emt 0:00:01]} 43. Rb2 {[%emt 0:00:00]} e5 {[%emt 0:00:01]} 44. Kxc3 {[%emt 0:00:01]} Ke6 {[%emt 0:00:01]} 45. dxe5 {[%emt 0:00:01]} Kd5 {[%emt 0:00:01]} 46. Rd2+ {[%emt 0:00:01] Zeit ' (Lag: Av=0.44s, max=0.8s)} 1-0

[Event "Stay Safe Play From Home 164"]
[Site "T#646228Emanuel Laske"]
[Date "2020.05.21"]
[Round "8"]
[White "Matanant"]
[Black "Lazieri3"]
[Result "0-1"]
[WhiteElo "1764"]
[BlackElo "2112"]
[Annotator "TA"]
[PlyCount "74"]
[EventDate "2020.05.21"]
[EventType "swiss (blitz)"]

{[%evp 9,74,8,12,12,2,-2,14,5,14,9,19,0,0,-9,-8,-10,-10,-421,-429,-433,-420,-508,-488,-585,-608,-618,-629,-679,-693,-695,-687,-734,-707,-861,-685,-992,-991,-1030,-1018,-1020,-1021,-1083,-1064,-1081,-1066,-1195,-967,-915,-910,-1207,-1206,-29989,-29974,-29992,-29991,-29993,-29987,-29989,-29990,-29990,-29991,-29991,-29992,-29995,-2520,-2520,-2239]} 1. b3 c6 2. Bb2 d5 3. e3 Nf6 4. f4 Bg4 5. Nf3 e6 6. Be2 {A03: Bird's Opening with 1...d5.} Bd6 7. O-O Qe7 8. Ne5 {The position is equal.} Bxe2 9. Qxe2 Nbd7 10. Nxd7 Qxd7 11. d3 Qe7 12. Nd2 {[#]} Ba3 $146 ({Predecessor:} 12... e5 13. e4 exf4 14. Rae1 dxe4 15. Bxf6 Qxf6 16. Qxe4+ Kd7 17. d4 Rae8 18. Qd3 Rxe1 19. Rxe1 {0-1 (58) Maslik,M (2178)-Salai,L (2431) Slovakia 1999}) 13. Nf3 $2 {[%mdl 8192]} (13. Bxa3 $11 {and White has nothing to worry.} Qxa3 14. Nf3) 13... Bxb2 $19 14. Rab1 Ba3 15. b4 Bxb4 16. c3 Bxc3 17. Qc2 Ba5 18. e4 dxe4 19. dxe4 O-O 20. e5 Ng4 21. h3 Bb6+ 22. Kh1 Ne3 {[%mdl 64] [#] Double Attack} 23. Qc3 Nxf1 24. Rxf1 Rad8 25. Ng5 h6 26. Ne4 Rd4 27. Nd6 Rxd6 28. exd6 Qxd6 29. f5 exf5 30. Rxf5 Re8 31. Qf3 Re1+ 32. Qf1 Rxf1+ 33. Rxf1 Bc7 {[%csl Gc7][%cal Rd6h2]} 34. Kg1 Qh2+ 35. Kf2 Qf4+ 36. Kg1 Qxf1+ (36... Bb6+ $142 37. Kh1 Qxf1+ 38. Kh2 {[#]} Qf2 $1 {[%mdl 512]} 39. a4 Bc7+ 40. Kh1 Qf1#) 37. Kxf1 c5 {Black took control after the opening. Accuracy: White = 61%, Black = 100%.} 0-1

[Event "Stay Safe Play From Home 164"]
[Site "T#646228Emanuel Laske"]
[Date "2020.05.21"]
[Round "8"]
[White "Emresenar"]
[Black "Karthikchess"]
[Result "0-1"]
[WhiteElo "1741"]
[BlackElo "2516"]
[Annotator "TA"]
[PlyCount "78"]
[EventDate "2020.05.21"]
[EventType "swiss (blitz)"]

{[%evp 9,78,18,37,0,0,0,24,26,25,-58,19,-64,56,60,69,56,60,66,97,98,175,184,197,185,257,-35,170,0,170,219,360,235,309,89,137,149,180,68,134,105,116,0,12,0,0,0,0,-6,-7,-42,-28,-34,-37,-59,-56,-57,-56,-89,-17,-56,-56,-29982,-29983,-29983,-29984,-29989,-29985,-29991,-29992,-29992,-29993]} 1. e4 g6 2. Nf3 Bg7 3. Bc4 d6 4. O-O Nf6 5. Re1 O-O 6. e5 {[#] B06: Modern Defence.} dxe5 $146 ({Predecessor:} 6... Ng4 7. d4 d5 8. Bb3 a5 9. c3 f6 10. h3 Nh6 11. Qe2 a4 12. Bc2 Bf5 13. Bxh6 Bxh6 14. Bxf5 gxf5 {1-0 (25) Kovacic,P (2182)-Kolovratnik,M (2092) Latschach 2002}) 7. Nxe5 e6 8. d4 {White has an edge.} Nbd7 9. Bg5 (9. Nc3 $11) 9... h6 (9... Nxe5 $1 $15 10. dxe5 Qxd1 11. Rxd1 Ng4) 10. Bh4 (10. Bf4 $11) 10... Nb6 ({Better is} 10... Nxe5 $1 $15 11. dxe5 Qxd1 12. Rxd1 Ng4) 11. Bb3 $14 a5 {[%cal Ba7a5,Ba5a4][%mdl 32]} 12. c3 a4 13. Bc2 Qd6 14. Nd2 g5 (14... a3 $16 {was necessary.}) 15. Bg3 $18 Qe7 16. Ndf3 Nfd5 (16... Nbd5 $142) 17. Be4 $2 (17. Qd3 $18 {[%csl Gc2][%cal Rd3h7]} Rd8 18. Qh7+ Kf8 19. Ng4) 17... Nf6 $2 {[#]} (17... a3 $15 {stays ahead.} 18. Qd2 axb2 19. Qxb2 Na4 {[%mdl 64] Double Attack}) 18. Bc2 $2 (18. Bb1 $1 $18) 18... Bd7 $2 (18... Nfd5 $1 $11 {and Black has nothing to worry.}) 19. Qd3 Ra5 (19... Rfd8 $142 20. Nxd7 Rxd7) 20. Rad1 Bb5 21. Qe3 $2 (21. c4 $18 {is the precise move to win.}) 21... Nc4 22. Nxc4 Bxc4 23. a3 (23. Ne5 $18 Bxa2 24. Ra1) 23... Bd5 ({Black should play} 23... Nd5 $14 24. Qc1 (24. Qe4 f5 $17) 24... Rd8) 24. Be5 Ng4 25. Qe2 (25. Qd3 $16 {[%csl Gc2][%cal Rd3h7]} f5 26. Bxg7 Qxg7 27. c4) 25... Bxf3 $11 26. Qxf3 Nxe5 27. dxe5 c6 28. Qe4 {[%csl Gc2][%cal Re4h7]} Rd8 29. Qh7+ Kf8 30. Rxd8+ Qxd8 31. Rd1 Rd5 $40 {[%mdl 128] Black mounts an attack.} 32. Rxd5 Qxd5 33. g3 {[#]} Qxe5 (33... Qa2 $1 $17 34. Qd3 Bxe5 35. Qd8+ Kg7) 34. Qe4 Qb5 35. Qd4 $2 {[%mdl 8192]} (35. Qd3 $15 Qxd3 36. Bxd3) 35... Bxd4 {Black mates.} 36. cxd4 Qxb2 {[%mdl 64] Double Attack} 37. Bd3 Qxd4 38. Kg2 Qxd3 39. h3 Qxa3 {What a bad dream for White. Accuracy: White = 37%, Black = 44%.} 0-1

[Event "Stay Safe Play From Home 164"]
[Site "T#646228Emanuel Laske"]
[Date "2020.05.21"]
[Round "8"]
[White "Haris kollari 13"]
[Black "Aleckst"]
[Result "0-1"]
[WhiteElo "1655"]
[BlackElo "1377"]
[Annotator "NA"]
[PlyCount "62"]
[EventDate "2020.05.21"]
[EventType "swiss (blitz)"]

1. d4 {[%emt 0:00:01]} d5 {[%emt 0:00:01]} 2. c4 {[%emt 0:00:01]} e6 {[%emt 0:00:02]} 3. Nc3 {[%emt 0:00:01]} Bb4 {[%emt 0:00:01]} 4. f3 {[%emt 0:00:01]} Nf6 {[%emt 0:00:01]} 5. Bg5 {[%emt 0:00:02]} Nbd7 {[%emt 0:00:01]} 6. e3 {[%emt 0:00:02]} b6 {[%emt 0:00:00]} 7. Bd3 {[%emt 0:00:02]} Bb7 {[%emt 0:00:01]} 8. Qb3 {[%emt 0:00:02]} Rc8 {[%emt 0:00:01]} 9. Qxb4 {[%emt 0:00:02]} c5 {[%emt 0:00:00]} 10. dxc5 {[%emt 0:00:03]} Nxc5 {[%emt 0:00:02]} 11. Bc2 {[%emt 0:00:02]} Qd6 {[%emt 0:00:03]} 12. Bxf6 {[%emt 0:00:03]} Nd3+ {[%emt 0:00:02]} 13. Bxd3 {[%emt 0:00:04]} Qxb4 {[%emt 0:00:00]} 14. Bxg7 {[%emt 0:00:02]} Rg8 {[%emt 0:00:02]} 15. Bd4 {[%emt 0:00:02]} dxc4 {[%emt 0:00:02]} 16. Be2 {[%emt 0:00:04]} Rxg2 {[%emt 0:00:05]} 17. Kf1 {[%emt 0:00:04]} Rg6 {[%emt 0:00:04]} 18. Rb1 {[%emt 0:00:04]} Ke7 {[%emt 0:00:02]} 19. Nh3 {[%emt 0:00:01]} Rcg8 {[%emt 0:00:02]} 20. Nf4 {[%emt 0:00:01]} Rf6 {[%emt 0:00:08]} 21. Bxf6+ {[%emt 0:00:03]} Kxf6 {[%emt 0:00:01]} 22. a3 {[%emt 0:00:01]} Qd6 {[%emt 0:00:02]} 23. Kf2 {[%emt 0:00:02]} Rg5 {[%emt 0:00:02]} 24. Rhg1 {[%emt 0:00:02]} Qc6 {[%emt 0:00:01]} 25. Nh5+ {[%emt 0:00:02]} Kg6 {[%emt 0:00:02]} 26. Rxg5+ {[%emt 0:00:01]} Kxg5 {[%emt 0:00:02]} 27. Nf4 {[%emt 0:00:01]} e5 {[%emt 0:00:02]} 28. Nh3+ {[%emt 0:00:02]} Kf6 {[%emt 0:00:00]} 29. Rg1 {[%emt 0:00:02]} Ke7 {[%emt 0:00:01]} 30. e4 {[%emt 0:00:01]} f5 {[%emt 0:00:02]} 31. Rg7+ {[%emt 0:00:01]} Kd6 {[%emt 0:00:00] Time (Lag: Av=0.41s, max=0.9s) .} 0-1

[Event "Stay Safe Play From Home 164"]
[Site "T#646228Emanuel Laske"]
[Date "2020.05.21"]
[Round "8"]
[White "Mandy"]
[Black "Trotsky"]
[Result "0-1"]
[WhiteElo "898"]
[BlackElo "1555"]
[Annotator "NA"]
[PlyCount "44"]
[EventDate "2020.05.21"]
[EventType "swiss (blitz)"]

1. d4 {[%emt 0:00:02]} d5 {[%emt 0:00:01]} 2. Bf4 {[%emt 0:00:01]} e6 {[%emt 0:00:00]} 3. e3 {[%emt 0:00:01]} c5 {[%emt 0:00:00]} 4. c3 {[%emt 0:00:03]} Nc6 {[%emt 0:00:01]} 5. Nd2 {[%emt 0:00:01]} c4 {[%emt 0:00:00]} 6. Be2 {[%emt 0:00:02]} Bd6 {[%emt 0:00:01]} 7. Ngf3 {[%emt 0:00:05]} Qc7 {[%emt 0:00:01]} 8. g3 {[%emt 0:00:03]} Bd7 {[%emt 0:00:01]} 9. O-O {[%emt 0:00:02]} O-O-O {[%emt 0:00:01]} 10. Qc2 {[%emt 0:00:01]} h6 {[%emt 0:00:00]} 11. Rad1 {[%emt 0:00:01]} g5 {[%emt 0:00:00]} 12. Bxd6 {[%emt 0:00:03]} Qxd6 {[%emt 0:00:01]} 13. Ne5 {[%emt 0:00:04]} Nf6 {[%emt 0:00:01]} 14. Nxd7 {[%emt 0:00:02]} Rxd7 {[%emt 0:00:02]} 15. Nf3 {[%emt 0:00:02]} h5 {[%emt 0:00:01]} 16. e4 {[%emt 0:00:04]} Ng4 {[%emt 0:00:02]} 17. h3 {[%emt 0:00:03]} f6 {[%emt 0:00:02]} 18. Nd2 {[%emt 0:00:04]} h4 {[%emt 0:00:01]} 19. Bxg4 {[%emt 0:00:05]} hxg3 {[%emt 0:00:02]} 20. Bxe6 {[%emt 0:00:03]} Qxe6 {[%emt 0:00:03]} 21. fxg3 {[%emt 0:00:05]} Qxh3 {[%emt 0:00:01]} 22. Kf2 {[%emt 0:00:02]} dxe4 {[%emt 0:00:04] Zeit (Lag: Av=0.35s, max=0.8s)} 0-1

[Event "Stay Safe Play From Home 164"]
[Site "T#646228Emanuel Laske"]
[Date "2020.05.21"]
[Round "9"]
[White "Mepe_Nika"]
[Black "SecantFX"]
[Result "1-0"]
[WhiteElo "2316"]
[BlackElo "1909"]
[Annotator "TA"]
[PlyCount "61"]
[EventDate "2020.05.21"]
[EventType "swiss (blitz)"]

{[%evp 9,60,50,64,57,125,97,106,108,116,99,135,53,116,27,20,0,36,31,52,35,62,54,68,56,143,158,322,178,228,79,77,76,976,989,964,918,1083,1081,1126,1123,1203,1172,1437,1441,29996,1404,1558,1557,2862,2645,2415,2197,29999]} 1. e4 b6 2. d4 Bb7 3. Nc3 c6 {[#]} 4. f4 $146 ({Predecessor:} 4. d5 d6 5. Nf3 Nd7 6. Bc4 h6 7. Nd4 c5 8. Nc6 Qc8 9. Qf3 a6 10. Qg3 b5 11. Be2 {½-½ (33) Lippianowski,S (1163)-Heller,T (1828) Schweinfurt 2016}) 4... g6 5. h4 Bg7 6. h5 {B00: Queen's Fianchetto Defence, Nimzowitsch Defence.} e6 (6... d5 $14) 7. Nf3 d5 8. e5 {White is better.} Nd7 9. Be3 Ne7 10. h6 ({Better is} 10. Bf2 $16) 10... Bf8 (10... Bxh6 $1 $14 11. Bd3 (11. Rxh6 Nf5 $11 {[%mdl 64] Double Attack}) 11... Bg7) 11. a4 ({White should play} 11. g4 $16) 11... Nf5 $11 12. Qd2 Nxe3 13. Qxe3 Be7 14. Bd3 O-O 15. Ne2 f6 16. c3 fxe5 (16... c5 $14) 17. fxe5 $16 Kh8 $2 {[#]} (17... Qe8 $16 {was worth a try.} 18. O-O Bd8) 18. O-O (18. Nf4 $142) 18... Rg8 19. Nh2 (19. Nf4 $18 {has better winning chances.} Nf8 20. Ne2) 19... Bg5 20. Qh3 Qf8 $2 {[%mdl 8192]} (20... Qe7 $16) 21. Rxf8 $18 Raxf8 22. Qxe6 Bc8 23. Qxc6 Bxh6 24. Rf1 Rxf1+ 25. Nxf1 Bg7 26. Nf4 {Intending Nxg6+! and mate.} Nb8 {[#]} 27. Qc7 (27. Nxg6+ $142 $1 hxg6 28. Qxg6 Bf5 29. Bxf5 Rf8 30. Qh7#) 27... Nd7 28. Qxa7 Bxe5 29. dxe5 Nxe5 30. Ne3 g5 31. Qxh7# {Accuracy: White = 47%, Black = 22%.} 1-0

[Event "Stay Safe Play From Home 164"]
[Site "T#646228Emanuel Laske"]
[Date "2020.05.21"]
[Round "9"]
[White "Lamborghini"]
[Black "Matanant"]
[Result "1-0"]
[WhiteElo "2218"]
[BlackElo "1760"]
[Annotator "TA"]
[PlyCount "55"]
[EventDate "2020.05.21"]
[EventType "swiss (blitz)"]

{[%evp 10,54,20,-12,71,0,-8,-19,29,26,22,31,52,48,71,18,16,26,28,18,81,70,108,6,33,22,80,15,40,0,-6,-14,-6,-108,-98,-152,312,-160,291,280,282,282,325,306,29998,29999,29999]} 1. e4 e5 2. Bc4 Nf6 3. d3 c6 4. Nf3 d5 5. Bb3 Bd6 6. O-O h6 {C24: Bishop's Opening: 2...Nf6.} (6... dxe4 $11 7. Ng5 O-O) 7. Nbd2 (7. exd5 $1 $16 cxd5 8. Re1) 7... O-O $11 8. Re1 {[#]} Bg4 $146 {The position is equal.} ({Predecessor:} 8... Re8 9. c3 Nbd7 10. Nf1 Nc5 11. Bc2 dxe4 12. dxe4 Bg4 13. h3 Bh5 14. Ng3 Bg6 {1-0 (53) Krol,S (2022)-Lech,P (1897) Poland 2010}) 9. h3 Bxf3 10. Qxf3 {[%cal Re4d5]} Re8 11. Nf1 {[%cal Bd2f1,Bf1g3,Bg3f5][%mdl 32]} Nbd7 12. c3 (12. exd5 $16 cxd5 13. Ne3) 12... Nc5 13. Bc2 Ne6 14. Ng3 d4 (14... Bc7 $11) 15. Nf5 $16 Bf8 16. g3 ({White should play} 16. Qg3 $16 {aiming for Nxh6+.} g6 17. Nxh6+ Bxh6 18. Bxh6) 16... c5 17. h4 Kh7 (17... Rb8 $11) 18. Bb3 (18. Ba4 $16) 18... g6 $11 19. cxd4 cxd4 20. Bd2 gxf5 21. Qxf5+ (21. exf5 $11 Nc5 22. Bxf7) 21... Kg7 22. Rac1 {[#]} ({Better is} 22. Ba4) 22... Rc8 $2 (22... Nd7 $1 $17 {White must now prevent ...Qf6.} 23. Qg4+ Kh8) 23. g4 $2 (23. Rxc8 $18 Qxc8 {[#]} 24. Bxh6+ $1 {[%mdl 576] Deflection, Decoy} Kxh6 25. Qxf6+ {[%mdl 64] Double Attack} Kh7 26. Qxf7+ Bg7 27. Qh5+ Bh6 28. Qf5+ (28. Qxe5 Nf4 $14) 28... Kh8 29. Qg6) 23... Nf4 $2 (23... Rxc1 $17 {and life is bright.} 24. Rxc1 Bd6) 24. Bxf4 $18 exf4 25. g5 hxg5 26. hxg5 {Threatens to win with Rxc8.} Nh5 $2 (26... Rxc1 $18 27. Rxc1 Qe7) 27. Qxf7+ {[%mdl 64] Double Attack} Kh8 28. Qg8# {Accuracy: White = 51%, Black = 33%.} 1-0

[Event "Stay Safe Play From Home 164"]
[Site "T#646228Emanuel Laske"]
[Date "2020.05.21"]
[Round "9"]
[White "SoulofWolf"]
[Black "Emresenar"]
[Result "1-0"]
[WhiteElo "2130"]
[BlackElo "1741"]
[Annotator "RC"]
[PlyCount "75"]
[EventDate "2020.05.21"]
[EventType "swiss (blitz)"]

1. e4 {[%emt 0:00:01]} e5 {[%emt 0:00:01]} 2. Nc3 {[%emt 0:00:00]} Nc6 {[%emt 0:00:00]} 3. f4 {[%emt 0:00:01]} Bb4 {[%emt 0:00:01]} 4. Nf3 {[%emt 0:00:00]} exf4 {[%emt 0:00:01]} 5. d4 {[%emt 0:00:02]} Nf6 {[%emt 0:00:01]} 6. Bxf4 {[%emt 0:00:01]} Nxe4 {[%emt 0:00:01]} 7. Qd3 {[%emt 0:00:01]} d5 {[%emt 0:00:04]} 8. a3 {[%emt 0:00:01]} Bxc3+ {[%emt 0:00:01]} 9. bxc3 {[%emt 0:00:00]} Bf5 {[%emt 0:00:01]} 10. Qe3 {[%emt 0:00:02]} O-O {[%emt 0:00:03]} 11. Bd3 {[%emt 0:00:01]} Re8 {[%emt 0:00:02]} 12. O-O {[%emt 0:00:01]} h6 {[%emt 0:00:04]} 13. c4 {[%emt 0:00:02]} dxc4 {[%emt 0:00:03]} 14. Bxc4 {[%emt 0:00:01]} Na5 {[%emt 0:00:03]} 15. Ba2 {[%emt 0:00:02]} Ng3 {[%emt 0:00:03]} 16. Qf2 {[%emt 0:00:02]} Nxf1 {[%emt 0:00:01]} 17. Rxf1 {[%emt 0:00:00]} Nc6 {[%emt 0:00:01]} 18. c3 {[%emt 0:00:02]} Qd7 {[%emt 0:00:02]} 19. h3 {[%emt 0:00:01]} Be4 {[%emt 0:00:02]} 20. g3 {[%emt 0:00:00]} Bxf3 {[%emt 0:00:01]} 21. Qxf3 {[%emt 0:00:00]} Re7 {[%emt 0:00:07]} 22. a4 {[%emt 0:00:03]} Rae8 {[%emt 0:00:01]} 23. Bc1 {[%emt 0:00:01]} Nd8 {[%emt 0:00:03]} 24. Kg2 {[%emt 0:00:02]} Re2+ {[%emt 0:00:02]} 25. Rf2 {[%emt 0:00:00]} Rxf2+ {[%emt 0:00:01]} 26. Kxf2 {[%emt 0:00:01]} Qe7 {[%emt 0:00:02]} 27. Bd2 {[%emt 0:00:02]} Ne6 {[%emt 0:00:02]} 28. h4 {[%emt 0:00:01]} Nf8 {[%emt 0:00:01]} 29. Bd5 {[%emt 0:00:03]} Ng6 {[%emt 0:00:01]} 30. Bxb7 {[%emt 0:00:02]} f6 {[%emt 0:00:01]} 31. Bc6 {[%emt 0:00:01]} Rd8 {[%emt 0:00:01]} 32. Bb5 {[%emt 0:00:01]} Rd6 {[%emt 0:00:00]} 33. h5 {[%emt 0:00:03]} Nf8 {[%emt 0:00:00]} 34. Bc4+ {[%emt 0:00:00]} Ne6 {[%emt 0:00:00]} 35. Qe3 {[%emt 0:00:02]} Kf7 {[%emt 0:00:01]} 36. Bc1 {[%emt 0:00:04]} Kf8 {[%emt 0:00:01]} 37. Ba3 {[%emt 0:00:01]} Ng5 {[%emt 0:00:00]} 38. Bxd6 {[%emt 0:00:02] Zaman (Lag: Av=0.65s, max=1.3s)} 1-0

[Event "Stay Safe Play From Home 164"]
[Site "T#646228Emanuel Laske"]
[Date "2020.05.21"]
[Round "9"]
[White "Lazieri3"]
[Black "Karthikchess"]
[Result "0-1"]
[WhiteElo "2116"]
[BlackElo "2517"]
[Annotator "TA"]
[PlyCount "116"]
[EventDate "2020.05.21"]
[EventType "swiss (blitz)"]

{[%evp 10,116,44,14,18,10,61,8,28,8,74,9,6,-40,-42,-92,-110,-108,-88,-124,-23,-13,-16,-31,0,-29,-29,-29,-29,-30,-29,-31,-26,-32,-28,-62,30,-20,-18,-104,-95,-95,-93,-95,-90,-100,-95,-109,-80,-88,-89,-159,-87,-124,-81,-93,-97,-262,-263,-262,-256,-257,-239,-495,-468,-635,-610,-676,-606,-894,-862,-843,-781,-902,-875,-6544,-6536,-6713,-6530,-29972,-29972,-29974,-12835,-29973,-29969,-6721,-7100,-29989,-29990,-29990,-29991,-29991,-29992,-29994,-29992,-29994,-29993,-29993,-29993,-29993,-29994,-29994,-29994,-29995,-29995,-29995,-29995,-29995,-29996]} 1. e4 g6 2. Nc3 Bg7 3. d4 d6 4. Be3 a6 5. Qd2 b5 6. Nf3 Bb7 {B06: Modern Defence.} 7. Bd3 e6 (7... Nd7 $11) 8. Ne2 (8. a4 $14) 8... Nd7 {[#] The position is equal.} 9. c3 $146 ({Predecessor:} 9. h3 h6 10. g4 Ne7 11. Rg1 c5 12. c3 Qc7 13. Ng3 Rc8 14. Ke2 Nc6 15. Rac1 {0-1 (34) De Silva,J (1416)-Liyanage,R (1763) Negombo 2016}) 9... h6 (9... Ngf6 $11) 10. a4 ({Better is} 10. Ng3 $16) 10... Ngf6 $11 11. axb5 axb5 12. Rxa8 Qxa8 13. Bxb5 Nxe4 14. Qc1 Bc6 (14... Nef6 $17 15. O-O Bxf3 16. gxf3 Qxf3) 15. Bxc6 Qxc6 16. O-O g5 17. Ng3 Nxg3 18. hxg3 O-O 19. Qc2 $1 Rb8 20. Ra1 Qb5 21. b4 Nb6 22. Nd2 Nc4 (22... Nd5 $15 23. Rc1 Qe2) 23. Nxc4 Qxc4 24. Bd2 {[#]} (24. Qd2 $11 {remains equal.}) 24... Bxd4 $1 {[%mdl 576] Pin} 25. Qa2 (25. cxd4 Qxc2) 25... Qxa2 26. Rxa2 $17 {[%mdl 4096] Endgame KRB-KRB} Be5 27. Kf1 d5 28. Ra7 Bd6 29. Ke2 Kg7 30. Kd3 ({White should try} 30. Be3) 30... Kg6 (30... c5 $142 {[%cal Rc5b4]} 31. Ra4 cxb4 32. cxb4 h5 33. Bxg5 Rxb4) 31. g4 f6 32. f3 h5 33. Be3 $2 {Loses the game.} (33. gxh5+ $17 {is a better defense.} Kxh5 34. c4) 33... hxg4 $19 34. fxg4 Rh8 35. b5 Rh4 36. b6 $2 (36. Ra4 {is the only way for White.}) 36... cxb6 37. Bxb6 Rxg4 38. Rd7 Rg3+ 39. Kc2 Be5 40. Ba5 Rxg2+ 41. Kb3 Rg3 42. Re7 {[#]} Bxc3 $1 43. Bxc3 d4 {[%mdl 64] Pin} 44. Rxe6 dxc3 {KR-KR} 45. Kb4 Rf3 46. Rc6 g4 47. Kb3 g3 48. Rxc3 Rxc3+ {Black mates.} 49. Kxc3 {KP-KP} g2 50. Kd4 g1=Q+ 51. Ke4 Qg5 52. Kf3 f5 53. Ke2 Qg4+ 54. Kd3 f4 55. Ke4 Qg3 56. Ke5 f3+ 57. Ke4 Qg2 58. Ke3 f2 {Accuracy: White = 32%, Black = 70%.} 0-1

[Event "Stay Safe Play From Home 164"]
[Site "T#646228Emanuel Laske"]
[Date "2020.05.21"]
[Round "9"]
[White "Castlingarrocco"]
[Black "Mandy"]
[Result "1-0"]
[WhiteElo "2017"]
[BlackElo "898"]
[Annotator "TA"]
[PlyCount "31"]
[EventDate "2020.05.21"]
[EventType "swiss (blitz)"]

{[%evp 9,31,-16,18,-12,-7,-18,9,-16,0,0,10,-20,10,19,114,-16,53,0,-8,-10,0,0,28,-16]} 1. d4 d5 2. e3 c6 3. f4 Bf5 4. Nf3 Nf6 5. Bd3 g6 6. Bxf5 {D00: 1 d4 d5: Unusual lines.} gxf5 {[#]} 7. Ne5 $146 ({Predecessor:} 7. b3 e6 8. Ne5 Nbd7 9. Nd2 Nxe5 10. fxe5 Ng4 11. Qf3 Qg5 12. Nf1 Rg8 13. Ng3 {½-½ (28) Kosonen,M-Suvanto,P Finland 1987}) 7... Bg7 8. c4 {The position is equal.} O-O 9. cxd5 Nxd5 10. Qb3 Qc7 11. Nc3 Bxe5 (11... e6 $11) 12. dxe5 ({Better is} 12. fxe5 $16 {aiming for e4.} Qb6 13. Nxd5 cxd5 14. Qxd5) 12... e6 (12... Na6 $11) 13. Nxd5 (13. e4 $14 Nxc3 14. Qxc3) 13... cxd5 $11 14. Bd2 Nd7 15. Rc1 Qd8 16. Qd3 {[%mdl 32768] Accuracy: White = 35%, Black = 26%. . Loss on time!?} 1-0

[Event "Stay Safe Play From Home 164"]
[Site "T#646228Emanuel Laske"]
[Date "2020.05.21"]
[Round "9"]
[White "Klausen"]
[Black "Haris kollari 13"]
[Result "1-0"]
[WhiteElo "1793"]
[BlackElo "1627"]
[Annotator "NA"]
[PlyCount "61"]
[EventDate "2020.05.21"]
[EventType "swiss (blitz)"]

1. Nf3 {[%emt 0:00:02]} e5 {[%emt 0:00:00]} 2. d4 {[%emt 0:00:02]} e4 {[%emt 0:00:01]} 3. Ng5 {[%emt 0:00:02]} f5 {[%emt 0:00:02]} 4. c4 {[%emt 0:00:03]} Nf6 {[%emt 0:00:01]} 5. e3 {[%emt 0:00:02]} d5 {[%emt 0:00:04]} 6. Be2 {[%emt 0:00:01]} dxc4 {[%emt 0:00:05]} 7. Bxc4 {[%emt 0:00:02]} Qe7 {[%emt 0:00:13]} 8. Nf7 {[%emt 0:00:02]} Rg8 {[%emt 0:00:02]} 9. Ne5 {[%emt 0:00:01]} Be6 {[%emt 0:00:02]} 10. Bxe6 {[%emt 0:00:03]} Qxe6 {[%emt 0:00:01]} 11. Nc3 {[%emt 0:00:01]} Nbd7 {[%emt 0:00:03]} 12. Nxd7 {[%emt 0:00:01]} Nxd7 {[%emt 0:00:02]} 13. O-O {[%emt 0:00:00]} O-O-O {[%emt 0:00:02]} 14. Bd2 {[%emt 0:00:02]} g5 {[%emt 0:00:01]} 15. Rc1 {[%emt 0:00:02]} h5 {[%emt 0:00:01]} 16. Nb5 {[%emt 0:00:01]} c6 {[%emt 0:00:01]} 17. Nxa7+ {[%emt 0:00:02]} Kb8 {[%emt 0:00:00]} 18. Nxc6+ {[%emt 0:00:01]} bxc6 {[%emt 0:00:02]} 19. Qa4 {[%emt 0:00:01]} Kc7 {[%emt 0:00:02]} 20. Qa7+ {[%emt 0:00:04]} Kc8 {[%emt 0:00:01]} 21. Qa8+ {[%emt 0:00:04]} Nb8 {[%emt 0:00:03]} 22. Ba5 {[%emt 0:00:02]} Rd7 {[%emt 0:00:01]} 23. Rc5 {[%emt 0:00:04]} Bxc5 {[%emt 0:00:02]} 24. dxc5 {[%emt 0:00:01]} Rgg7 {[%emt 0:00:00]} 25. Bb6 {[%emt 0:00:03]} Rb7 {[%emt 0:00:01]} 26. Qa4 {[%emt 0:00:01]} Rgd7 {[%emt 0:00:01]} 27. Rc1 {[%emt 0:00:01]} Rd5 {[%emt 0:00:01]} 28. h3 {[%emt 0:00:01]} Nd7 {[%emt 0:00:01]} 29. Qc4 {[%emt 0:00:01]} Nxb6 {[%emt 0:00:01]} 30. Qc3 {[%emt 0:00:00]} Nd7 {[%emt 0:00:02]} 31. Qh8+ {[%emt 0:00:00] Time (Lag: Av=0.31s, max=0.6s) '} 1-0